Dotovať? Nedotovať? Ako dotovať?

Bibliographic Details
Main Author: Ludvighová, Soňa (Author)
Format: Article
Language:Slovak
Subjects:

MARC

LEADER 00000nab a2200000 a 4500
001 vtls000513995
003 SK-MaSNL
005 20260303003459.0
008 120927c1994 xo 0 slo
015 |a SNBRB19rr/mm-uuuuu 
035 |a CL0514133 
040 |a SNKBUCL  |b slo  |c SNKBUCL  |e AACR2 
041 0 |a slo 
044 |a xo  |c SK 
080 |a 631.155.6(437.6):338.246.027  |2 1981 
080 |a 338.246.027  |2 1981 
080 |a 338.434  |2 1981 
100 1 |a Ludvighová, Soňa  |4 aut  |9 270799 
245 1 0 |a Dotovať? Nedotovať? Ako dotovať?  |c Soňa Ludvighová 
650 0 7 |a poľnohospodárstvo  |2 snkbucl  |9 679 
650 0 7 |a dotácie  |2 snkbucl  |9 2132 
655 7 |a články z novín a časopisov  |2 snkbucl  |9 267496 
773 0 |t Roľnícke noviny  |g Č. 85 (14. 4. 1994), s. 3 
850 |a Slovenská národná knižnica v Martine  |a MTA001 
852 |a SNK  |b KIS3GCP 
958 |a RK 
992 |a RBX 
999 |c 1572939  |d 1574869